Effectif Montpellier Hérault Sport Club saison 2024/2025 - Statistiques

Statistiques générales
  • Ce quiz a été pris 1 876 fois
    163 depuis la dernière actualisation
  • Le résultat moyen est 15 sur 25
Statistiques - réponses
Hint Réponse % Correct
M Téji Savanier
96%
G Benjamin Lecomte
89%
Coach Michel Der Zakarian
80%
A Akor Adams
79%
M Jordan Ferri
78%
M Joris Chotard
78%
G Dimitry Bertaud
77%
A Musa Al-Taamari
75%
A Arnaud Nordin
71%
D Falaye Sacko
68%
A Wahbi Khazri
66%
D Bećir Omeragić
61%
D Kiki Kouyaté
57%
D Modibo Sagnan
57%
D Enzo Tchato
54%
D Issiaga Sylla
54%
M Khalil Fayad
53%
D Christopher Jullien
49%
D Théo Sainte-Luce
46%
A Tanguy Coulibaly
45%
D Lucas Mincarelli
36%
M Rabby Nzingoula
35%
A Othmane Maamma
27%
G Belmin Dizdarević
26%
M Gabriel Barès
22%
Aucun quiz correspondant
Distribution des résultats
% des personnes avec chaque résultat
Percentile par nombre de réponses
Votre historique - résultats
Vous n’avez pas pris ce quiz depuis la dernière actualisation